Science Quiz

Random Science or Astronomy Quiz

Mars Surface Missions Quiz Stats

 Plays Quiz Updated May 17, 2021

     
Support Sporcle.
Go Orange.
Score 0/10 Timer 02:00
3 Plays Today
Year Spacecraft % Correct
2012Curiosity
72.1%
1976Viking 1
65.5%
1976Viking 2
64.2%
2004Spirit
60.9%
2004Opportunity
58.8%
1997Pathfinder
53.7%
2021Perseverance
46.8%
1971Mars 3
46.6%
2008Phoenix
41.3%
2021Tianwen-1
24.5%

From the Vault

'K' TV Shows by Picture

by livicj5

You know what? There's not enough Kenan & Kel on Sporcle. That changes today!
Remove Ads.
Support Sporcle.
Get the best of Sporcle when you Go Orange. This ad-free experience offers more features, more stats, and more fun while also helping to support Sporcle. Thank you for becoming a member.

Show Comments

Extras

Top Quizzes Today


Score Distribution

Your Account Isn't Verified!

In order to create a playlist on Sporcle, you need to verify the email address you used during registration. Go to your Sporcle Settings to finish the process.

Report this User

Report this user for behavior that violates our Community Guidelines.

Details: